जमनिया का बाबाःआंचलिक उपन्यास/ (Record no. 9006)

MARC details
000 -LEADER
fixed length control field 01320 a2200265 4500
005 - DATE AND TIME OF LATEST TRANSACTION
control field 20180830150138.0
008 - FIXED-LENGTH DATA ELEMENTS--GENERAL INFORMATION
fixed length control field 080917t xxu||||| |||| 00| 0 hin d
010 ## - LCCN (DPL NO)
LC control number HIN-81796
020 ## - INTERNATIONAL STANDARD BOOK NUMBER
International Standard Book Number 8122502407
Terms of availability 40.00
035 ## - SYSTEM CONTROL NUMBER
System control number HN-54142, RC-152371
037 ## - SOURCE OF ACQUISITION
Source of stock number/acquisition पु.प्र.अ.प्र/वितरक
082 ## - DEWEY DECIMAL CLASSIFICATION NUMBER
Classification number
100 ## - MAIN ENTRY--PERSONAL NAME
Personal name नागार्जुन
245 ## - TITLE STATEMENT
Title जमनिया का बाबाःआंचलिक उपन्यास/
Statement of responsibility, etc नागार्जुन
246 ## - VARYING FORM OF TITLE
Title proper/short title Jamaniya ka baba : aanchalik upanyas
Remainder of title by Nagarjun
250 ## - EDITION STATEMENT
Edition statement 4था संस्क
260 ## - PUBLICATION, DISTRIBUTION, ETC. (IMPRINT)
Place of publication, distribution, etc इलाहाबाद
Name of publisher, distributor, etc किताब महल
Date of publication, distribution, etc 2006
260 ## - PUBLICATION, DISTRIBUTION, ETC. (IMPRINT)
Place of publication, distribution, etc नई दिल्ली
Name of publisher, distributor, etc किताब महल डिस्ट्रीब्यूटर्स(वितरक)
270 ## - ADDRESS
Address 22ए, सरोजनी नायडू मार्ग
City इलाहाबाद
Postal code 211001
Telephone number 2423466
270 ## - ADDRESS
Address 28,नेताजी सुभाष मार्ग, दरियागंज
City नई दिल्ली
Postal code 110002
Telephone number 23273230, 23289935
300 ## - PHYSICAL DESCRIPTION
Extent 139पृ
Dimensions 18सेमी (सजिल्द)
650 ## - SUBJECT ADDED ENTRY--TOPICAL TERM
Topical term or geographic name as entry element हिन्दी उपन्यास
650 ## - SUBJECT ADDED ENTRY--TOPICAL TERM
Topical term or geographic name as entry element Hindi Novel
942 ## - ADDED ENTRY ELEMENTS (KOHA)
Institution code [OBSOLETE] dpl
Item type Hindi Books
Call number prefix उ / नागार्जु
Source of classification or shelving scheme Dewey Decimal Classification
Classification part
Call number suffix नागार्जु
Holdings
Withdrawn status Lost status Source of classification or shelving scheme Damaged status Not for loan Home library Current library Date acquired Cost, normal purchase price Total Checkouts Full call number Barcode Date last seen Copy number Cost, replacement price Koha item type Collection code Source of acquisition
    Dewey Decimal Classification     D.B.Act.Division D.B.Act.Division 17/09/2008 40.00   उ नागार्जु HN-54142 15/09/2008 1 40.00 Hindi Books    
    Dewey Decimal Classification     Shahdara Branch Shahdara Branch 30/08/2018 35.00   उ नागार्जु RC-152371 30/08/2018   35.00 Hindi Books Fiction BPPD/PUB

© Delhi Public Library
Hit Counter
free hit counter